Kalkulačné metódy a kalkulačný systém bakalárska práca

Na minha lista:
Detalhes bibliográficos
Autor principal: Germanová, Viktória
Autor Corporativo: Podnikovohospodárska fakulta EU so sídlom v Košiciach. Katedra účtovníctva a financií
Outros Autores: Neufeld, Juraj, 1946-
Formato: Livro
Idioma:eslovaco
Publicado em: Košice 2009
Tags: Adicionar Tag
Sem tags, seja o primeiro a adicionar uma tag!

MARC

LEADER 00000nam$a2200000$$$4500
001 0106017
005 20240320075012.0
041 0 |a slo 
044 |a SK 
245 1 0 |a Kalkulačné metódy a kalkulačný systém  |b bakalárska práca  |c Viktória Germanová ; škol. Juraj Neufeld 
264 1 |a Košice  |c 2009 
300 |a 53 s. 
100 1 |a Germanová, Viktória 
700 1 |a Neufeld, Juraj, 1946- 
710 2 |a Podnikovohospodárska fakulta EU so sídlom v Košiciach. Katedra účtovníctva a financií